| 000 | 00968cab a2200277 4500 | ||
|---|---|---|---|
| 001 | WB3102-10 | ||
| 008 | 090401t1995 xxu||||| |||| 00| 0 eng d | ||
| 035 | _a(Sirsi) u65888 | ||
| 041 | _aeng | ||
| 245 | _aNo commercial property upturn | ||
| 260 | _c1995 | ||
| 350 | _a0 | ||
| 490 |
_aIndependent _v9 January 1995, 24 |
||
| 490 |
_aFinancial Times _v9 January 1995, 5 |
||
| 490 |
_aTimes _v9 January 1995, 38(2) |
||
| 520 | _aA half-yearly survey by Grimley JR Eve and the CBI does not anticipate an upturn in the commercial property occupancy market over the next 6 months, though it does identify stronger demand in the retail sector. | ||
| 650 | _aGRIMLEY JR EVE / CBI SURVEY | ||
| 650 | _aOCCUPANCY MARKET | ||
| 650 | _aOFFICE SPACE | ||
| 650 | _aPROPERTY CONFIDENCE | ||
| 650 | _aPROPERTY REQUIREMENTS | ||
| 650 | _aSUPPLY AND DEMAND | ||
| 690 | _aPROPERTY-COMMERCIAL PROPERTY-COMMERCIAL PROPERTY MARKET | ||
| 942 | _n0 | ||
| 948 | _c04/03/1997 | ||
| 999 |
_c41149 _d41149 |
||